000 00530nam a2200181 a 4500
005 20140310183337.0
008 061004s19uu xx 00 eng d
020 _a0131848151
050 _aHF 5387
_b.R674 2005
100 _aRoth, William
245 _aEthics in the workplace :
_ba systems perspective /
_cRoth, William
260 _aUpper Saddle River, New Jersey :
_bPrentice Hall,
_c2005.
300 _a140 p. :
_bill. ;
_c24 cm.
521 _aBSBA
650 _aBusiness ethics.
942 _cBK
_2lcc
_kFOR
999 _c21701
_d21701